| 000 | 00408nam a2200133Ia 4500 | ||
|---|---|---|---|
| 008 | 160216s9999 xx 000 0 und d | ||
| 100 | _aGalis, A. | ||
| 245 | _aFuture Internet assembly 2013: validated results and new horizons / | ||
| 245 | _cA. Galis, & A. Gavaras. | ||
| 260 | _bSpringer Link | ||
| 260 | _c2013 | ||
| 650 | _xInternet - future. | ||
| 856 | _uhttp://www.springer.com/us/book/9783642380815 | ||
| 999 |
_c290615 _d290615 |
||